Ciencia del lenguaje y arte del estilo
সংরক্ষণ করুন:
| প্রধান লেখক: | |
|---|---|
| বিন্যাস: | গ্রন্থ |
| ভাষা: | স্প্যানিশ |
| প্রকাশিত: |
Madrid
Aguilar
1966
|
| সংস্করন: | 7a. ed |
| মালা: | Libros de Consulta y Enseñanza
|
| বিষয়গুলি: | |
| ট্যাগগুলো: |
ট্যাগ যুক্ত করুন
কোনো ট্যাগ নেই, প্রথমজন হিসাবে ট্যাগ করুন!
|
MARC
| LEADER | 00000cam a2200000 a 4500 | ||
|---|---|---|---|
| 001 | UCF1350 | ||
| 003 | CL-VaPUC | ||
| 008 | 120629e19660000SP |||||||||||||||||spa|d | ||
| 082 | 0 | 4 | |a 410 |b ALO |2 21 |
| 100 | 0 | |a Alonso, Martín |e author |9 562881 | |
| 245 | 1 | 0 | |a Ciencia del lenguaje y arte del estilo |
| 250 | |a 7a. ed | ||
| 300 | |a 1670 p | ||
| 942 | |c BK | ||
| 945 | |d 20120629 00:00:00 |a dcastane | ||
| 260 | |a Madrid |b Aguilar |c 1966 | ||
| 650 | 0 | |a Lingüística |9 265068 | |
| 650 | 0 | |a Etimología |9 337976 | |
| 650 | 0 | |a Estilos literarios |9 310538 | |
| 583 | |a last modification |c 20120629 12:35:00 |k Rodrigo Vera | ||
| 490 | 0 | |a Libros de Consulta y Enseñanza | |
| 999 | |c 348162 |d 348160 | ||
| 952 | |0 0 |1 0 |4 0 |6 410_000000000000000_ALO_1966 |7 0 |8 A |9 450072 |a BIBEDU |b BIBEDU |d 2019-11-22 |i 4831500 |o 410 ALO 1966 |p 4831500 |r 2019-11-22 |w 2019-11-22 |y BK |k LIT | ||